| 000 | 01067nam a2200265Ia 4500 | ||
|---|---|---|---|
| 003 | OSt | ||
| 005 | 20210603145309.0 | ||
| 008 | 210310m19801981mx ab gr 001 0 spa d | ||
| 040 |
_aCO-JMCR _cCO-JMCR |
||
| 041 | 0 | _aspa | |
| 082 | 0 | 4 |
_a338.1 / _bS958e _223 |
| 100 | 1 |
_aSunkel, Osvaldo, _915924 _ecompilador |
|
| 245 | 1 | 0 |
_aEstilos de desarrollo y medio ambiente en la América Latina / _cselección de Osvaldo Sunkel y Nicolo Gligo |
| 260 |
_aMéxico : _bFondo de Cultura Económica, _c1980-1981 |
||
| 300 |
_a[6] hojas plegables, 2 volúmenes : _bilustraciones y mapas a blanco y negro ; _c21 cm. |
||
| 490 | 0 |
_aEl trimestre económico. Lecturas ; _v36 |
|
| 500 | _aIncluye notas a pie de página e índice de nombres. | ||
| 650 | 1 | 4 |
_aDesarrollo económico _915926 |
| 650 | 2 | 4 |
_aRecursos naturales _9308 |
| 650 | 2 | 4 |
_aInnovaciones agricolas _zAmérica Latina _938105 |
| 650 | 2 | 4 |
_aUrbanización _zAmérica Latina _938106 |
| 650 | 2 | 4 |
_aIndustria manufacturera _xDesarrollo _zAmérica Latina _938107 |
| 700 | 1 |
_aGligo, Nicolo, _ecompilador _938108 |
|
| 942 |
_2ddc _cBK |
||
| 999 |
_c7957 _d7957 |
||